Statistics for Harry Potter and the Philosopher's Stone

Click here to take the quiz!

General Stats

  • This quiz has been taken 5,781 times
    (5,465 since last reset)
  • The average score is 14 of 22

Answer Stats

HintAnswer% Correct
Who does the animal belong to?Neville Longbottom
89%
What type of animal is Hermione looking for on The Hogwarts express?Toad
86%
What did Hagrid get Harry for his eleventh birthday?Owl
80%
Did anyone fail their end of year exams?No
78%
What is the name of the three-headed dog sitting on the trap door?Fluffy
77%
How do you send the dog to sleep?Play music
77%
What is the name of the animal?Trevor
75%
Who let the troll in?Professor Quirrell
71%
Complete the quote: "Well then, if you're ____, better be Gryffindor"Sure
71%
Who wins the house cup?Gryffindor
69%
What was the name of the dragon Hagrid had?Norbert
69%
What word does Mrs Weasley say at Kings Cross Station which lets Harry realise she is a witch?Muggles
66%
Which professor is after the stone?Quirrell
65%
What flavour bean does Dumbledore get when visiting Harry?Earwax
61%
What was the mirror called that Harry could see his parents in?Erised
61%
In total, how many points did Gryffindor lose the night the dragon went to Romania?150
60%
What does the key which harry needs have wrong with it?Crooked wing
58%
With what does Harry and Ron become friends over on the Hogwarts Express?Sweets
55%
What plant is directly underneath the trap door?Devils snare
54%
On what date do Harry and Ron become friends with Hermione?31st October
53%
What percentage did Hermione get in her Charms exam?112
24%
What did the Dursley's give Harry for Christmas?Fifty pence
17%

Score Distribution

Percentile by Number Answered

Percent of People with Each Score

Your Score History

You have not taken this quiz since the last reset